| Поле | Инд. | ПП | Название | Значение |
|---|---|---|---|---|
| Тип записи | a | |||
| Библиографический уровень | m | |||
| 001 | Контрольный номер | RU/IS/BASE/219248378 | ||
| 005 | Дата корректировки | 20260513082602.5 | ||
| 008 | Кодируемые данные | 20061212 | ||
| 040 | b | Код языка каталог. | rus | |
| e | Правила каталог. | PSBO | ||
| 041 | 0_ | a | Код языка текста | eng |
| 084 | a | Индекс другой классификации/Индекс ББК | 85.101.3(4Вел-2Лон); 85.103(4Вел-2Лон)л61 | |
| 090 | a | Полочн. индекс | 85.101.3(4Вел-2Лон) | |
| x | Авторский знак | W 26 | ||
| 100 | 1_ | a | Автор | Warner O. |
| q | Полное имя | Warner Oliver | ||
| 245 | 10 | a | Заглавие | Treasures in London |
| 260 | a | Место издания | London | |
| b | Издательство | Longmans, Green and Co | ||
| 300 | a | Объем | 47 p. | |
| b | Иллюстрации/ тип воспроизводства | il. | ||
| 336 | a | Термин вида содержания | Текст | |
| 337 | a | Термин типа средства | непосредственный | |
| 440 | _0 | a | Серия | Treasures Seties |
| 500 | a | Примечание | На английском языке | |
| 650 | 04 | a | Основная рубрика | изобразительное искусство |
| a | Основная рубрика | искусство | ||
| a | Основная рубрика | художественные собрания | ||
| 653 | 0_ | a | Ключевые слова | античное искусство |
| a | Ключевые слова | барельеф | ||
| a | Ключевые слова | Великобритания | ||
| a | Ключевые слова | декоративно-прикладное искусство | ||
| a | Ключевые слова | живопись | ||
| a | Ключевые слова | иконы | ||
| a | Ключевые слова | история живописи | ||
| a | Ключевые слова | история скульптуры | ||
| a | Ключевые слова | королевские регалии | ||
| a | Ключевые слова | короны | ||
| a | Ключевые слова | Лондон | ||
| a | Ключевые слова | музеи | ||
| a | Ключевые слова | портреты | ||
| a | Ключевые слова | рукописные книги | ||
| a | Ключевые слова | скульптура | ||
| a | Ключевые слова | ювелирное искусство | ||
| 901 | t | Тип документа | m | |
| 952 | a | Тип литературы для КСУ ВШ | НАУ |